000 00473nam a2200193Ia 4500
003 GCL
008 140319s9999 xx 000 0 eng d
040 _aGCL /
_cGCL
082 0 4 _a843
_bF C
100 1 _aFSKINOS, ARIS
245 1 0 _aLA CITADELLE DE LA MEMOIRE /
_cFSKINOS, ARIS
260 _a[S.N] :
_bFAYARD ،
_c1992
300 _a341 P
650 0 4 _aLITERATURE
650 0 4 _aFICTION
650 0 4 _aFRENCH FICTION
650 0 4 _aFRENCH LITERATURE
942 _2ddc
_cBK
999 _c24761
_d24761